[Event "EU-chT U18"]
[Site "Thessaloniki"]
[Date "2022.07.18"]
[Round "7.9"]
[White "Betsakou, Sofia"]
[Black "Risteski, Emil"]
[Result "0-1"]
[WhiteElo "1412"]
[BlackElo "2405"]
[PlyCount "90"]
[EventDate "2022.07.12"]
[EventType "team-swiss"]
[EventRounds "7"]
[EventCountry "GRE"]
[SourceTitle "CBM 209 Extra"]
[Source "ChessBase"]
[SourceDate "2022.09.30"]
[SourceVersion "1"]
[SourceVersionDate "2022.09.30"]
[SourceQuality "1"]
[WhiteTeam "Greece Triandria U18"]
[BlackTeam "Macedonia U18"]
[WhiteTeamCountry "GRE"]
[BlackTeamCountry "MKD"]

1. d4 d6 2. Nf3 Nf6 3. Nc3 Nbd7 4. g3 e5 5. e4 Be7 6. Bg2 0-0 7. 0-0 Re8 8. Re1 Bf8 9. h3 g6 10. Be3 b6 11. Qd2 Bb7 12. Bg5 c6 13. a4 a6 14. Rad1 Qc7 15. b3 b5 16. dxe5 dxe5 17. Qe2 h6 18. Bc1 Kh7 19. Rd3 Nc5 20. Re3 Rad8 21. Bb2 Ne6 22. Rd3 Nd4 23. Qd1 c5 24. axb5 axb5 25. Nxd4 cxd4 26. Nxb5 Qb6 27. Na3 Ba6 28. f4 Bxd3 29. Qxd3 exf4 30. gxf4 Qa5 31. Ra1 Qc7 32. Rf1 Nd7 33. Nb5 Qb6 34. Bxd4 Bc5 35. Qc4 Kg8 36. Kh1 Bxd4 37. Nxd4 Nf6 38. Ne2 Qe3 39. e5 Rd2 40. Bf3 Nh5 41. b4 Rxe2 42. Bxe2 Ng3+ 43. Kg2 Nxe2 44. Rf2 Nd4 45. b5 Qe4+ 0-1

[Event "EU-chT U18"]
[Site "Thessaloniki"]
[Date "2022.07.14"]
[Round "3.10"]
[White "Betsakou, Sofia"]
[Black "Stoimenidis, Dimitrios"]
[Result "0-1"]
[WhiteElo "1412"]
[BlackElo "1993"]
[PlyCount "56"]
[EventDate "2022.07.12"]
[EventType "team-swiss"]
[EventRounds "7"]
[EventCountry "GRE"]
[SourceTitle "CBM 209 Extra"]
[Source "ChessBase"]
[SourceDate "2022.09.30"]
[SourceVersion "1"]
[SourceVersionDate "2022.09.30"]
[SourceQuality "1"]
[WhiteTeam "Greece Triandria U18"]
[BlackTeam "Greece Galaxias U18"]
[WhiteTeamCountry "GRE"]
[BlackTeamCountry "GRE"]

1. d4 Nf6 2. Nf3 e6 3. Nbd2 c5 4. e3 cxd4 5. exd4 Be7 6. Bd3 0-0 7. 0-0 b6 8. c3 Bb7 9. Re1 d6 10. Qe2 Nbd7 11. Ne4 Nxe4 12. Bxe4 Bxe4 13. Qxe4 Nf6 14. Qe2 Qc8 15. c4 d5 16. b3 Qb7 17. Ne5 Rad8 18. Bb2 Nd7 19. f4 Nxe5 20. fxe5 Rd7 21. a4 Rc8 22. Rac1 Rdc7 23. cxd5 Qxd5 24. Qd3 Bg5 25. Rxc7 Rxc7 26. Ba3 Qc6 27. Re2 Qc3 28. Qe4 Qa1+ 0-1

[Event "GRE-chT2 48th"]
[Site "Thessaloniki"]
[Date "2021.10.08"]
[Round "5.4"]
[White "Betsakou, Sofia"]
[Black "Pasoglou, Nikoleta"]
[Result "1/2-1/2"]
[WhiteElo "1280"]
[BlackElo "1349"]
[PlyCount "98"]
[EventDate "2021.10.05"]
[EventType "team-swiss"]
[EventRounds "7"]
[EventCountry "GRE"]
[SourceTitle "CBM 204 Extra"]
[Source "ChessBase"]
[SourceDate "2021.11.30"]
[SourceVersion "1"]
[SourceVersionDate "2021.11.30"]
[SourceQuality "1"]
[WhiteTeam "Triandrias OS"]
[BlackTeam "Kalamarias ES"]
[WhiteTeamCountry "GRE"]
[BlackTeamCountry "GRE"]

1. d4 Nf6 2. Nf3 e6 3. e3 d5 4. Bd3 Bd6 5. Nbd2 0-0 6. 0-0 c5 7. c3 Nc6 8. dxc5 Bxc5 9. e4 dxe4 10. Nxe4 Be7 11. Nxf6+ Bxf6 12. Qe2 Qc7 13. Bg5 Qe7 14. Qe4 g6 15. Qh4 Bxg5 16. Nxg5 f6 17. Nf3 e5 18. Rfe1 Be6 19. Re3 Rad8 20. Rae1 Qg7 21. Bc4 Bxc4 22. Qxc4+ Kh8 23. b4 Ne7 24. Rd3 Nf5 25. Red1 Qe7 26. Rxd8 Rxd8 27. Rxd8+ Qxd8 28. h3 Qe7 29. Nd2 Nd6 30. Qc5 b6 31. Qe3 Qc7 32. f3 Nb5 33. c4 Nd4 34. Kf2 Qd7 35. Ne4 Kg7 36. a3 Qa4 37. c5 bxc5 38. Nxc5 Qc2+ 39. Kg1 Ne2+ 40. Kf1 Ng3+ 41. Ke1 Qxg2 42. Ne6+ Kg8 43. Qd3 Qg1+ 44. Kd2 Qf2+ 45. Kc3 Ne2+ 46. Kc4 Nd4 47. Nxd4 exd4 48. Qxd4 Qe2+ 49. Kc5 Qc2+ 1/2-1/2

[Event "Thessaloniki ESSTH HALK-ch U16 11th"]
[Site "Thessaloniki"]
[Date "2018.11.04"]
[Round "2.5"]
[White "Giannoulaki, Ermofili"]
[Black "Betsakou, Sofia"]
[Result "1-0"]
[WhiteElo "1348"]
[BlackElo "1160"]
[PlyCount "77"]
[EventDate "2018.11.03"]
[EventType "swiss"]
[EventRounds "6"]
[EventCountry "GRE"]
[SourceTitle "EXT 2024"]
[Source "ChessBase"]
[SourceDate "2023.10.10"]
[SourceVersion "1"]
[SourceVersionDate "2023.10.10"]
[SourceQuality "1"]

1. d4 d5 2. Nf3 Nf6 3. e3 Bf5 4. Be2 h6 5. 0-0 e6 6. b3 Be7 7. Bb2 0-0 8. c4 c6 9. Nbd2 Nbd7 10. Rc1 Rc8 11. Re1 Re8 12. Bf1 b6 13. g3 c5 14. Qe2 Bd6 15. Bg2 Ne4 16. Nh4 Nxd2 17. Nxf5 exf5 18. Qxd2 dxc4 19. Rxc4 Bf8 20. dxc5 Nxc5 21. Qc2 Qd3 22. Qc1 Rcd8 23. Bd4 Ne4 24. f3 Ng5 25. h4 f4 26. hxg5 hxg5 27. gxf4 gxf4 28. Kf2 fxe3+ 29. Bxe3 Qg6 30. Rg1 Qe6 31. Re4 Qd7 32. Rh4 f6 33. Rgh1 Qe6 34. Bf1 Rc8 35. Bc4 Rxc4 36. Qxc4 Qxc4 37. Rxc4 Rd8 38. Rc7 Ra8 39. Rhc1 1-0

[Event "EThessaloniki SSTH HALK-ch U16"]
[Site "Thessaloniki"]
[Date "2017.10.08"]
[Round "2.6"]
[White "Betsakou, Sofia"]
[Black "Tsakona, Maria"]
[Result "0-1"]
[WhiteElo "1050"]
[BlackElo "1388"]
[PlyCount "94"]
[EventDate "2017.10.01"]
[EventType "swiss"]
[EventRounds "6"]
[EventCountry "GRE"]
[SourceTitle "EXT 2024"]
[Source "ChessBase"]
[SourceDate "2023.10.10"]
[SourceVersion "1"]
[SourceVersionDate "2023.10.10"]
[SourceQuality "1"]

1. d4 d6 2. Nf3 Nf6 3. Bf4 g6 4. e3 Bg7 5. Nbd2 0-0 6. h3 c5 7. c3 cxd4 8. exd4 Nc6 9. Be2 Re8 10. Nc4 d5 11. Nce5 Nxe5 12. Bxe5 Qb6 13. Rb1 Bd7 14. 0-0 Ne4 15. Bxg7 Kxg7 16. Nd2 Nd6 17. Bd3 Rec8 18. Qe2 e6 19. Rfc1 a5 20. b3 Kg8 21. Nf3 Qa7 22. Ne5 Be8 23. Qf3 a4 24. b4 Rc7 25. Rc2 Rac8 26. Rbc1 Qb6 27. a3 Bb5 28. Qe2 Bxd3 29. Qxd3 Qb5 30. Qf3 Qb6 31. Nd3 Nb5 32. Nc5 Qa7 33. Qe3 b6 34. Nxe6 Re7 35. Qe5 Rxe6 36. Qxd5 Nc7 37. Qf3 Nb5 38. Ra1 Nxd4 39. Qd1 Nxc2 40. Qxc2 Rec6 41. Qe2 Rxc3 42. Kf1 Qc7 43. Qe1 Rc1 44. Rxc1 Qxc1 45. Qxc1 Rxc1+ 46. Ke2 Rc3 47. Kd2 Rxa3 0-1

[Event "EThessaloniki SSTH HALK-ch U16"]
[Site "Thessaloniki"]
[Date "2017.10.01"]
[Round "1.6"]
[White "Terzidi, Natalia"]
[Black "Betsakou, Sofia"]
[Result "0-1"]
[WhiteElo "1000"]
[BlackElo "1050"]
[PlyCount "70"]
[EventDate "2017.10.01"]
[EventType "swiss"]
[EventRounds "6"]
[EventCountry "GRE"]
[SourceTitle "EXT 2024"]
[Source "ChessBase"]
[SourceDate "2023.10.10"]
[SourceVersion "1"]
[SourceVersionDate "2023.10.10"]
[SourceQuality "1"]

1. e4 c6 2. Nc3 d5 3. d4 dxe4 4. Nxe4 Bf5 5. f3 e6 6. Bc4 Ne7 7. Bf4 Nd5 8. Ne2 Be7 9. Qd2 h6 10. 0-0-0 0-0 11. N2c3 a5 12. Rhe1 Bb4 13. a3 Bxc3 14. Nxc3 Nd7 15. Bxd5 cxd5 16. Nb5 Qb6 17. Nd6 Bg6 18. g4 Nf6 19. h4 h5 20. g5 Ne8 21. Qh2 Nxd6 22. Bxd6 Rfc8 23. Re2 Rc6 24. Be5 Qa6 25. c3 b5 26. f4 b4 27. Kd2 bxc3+ 28. bxc3 Qd3+ 29. Ke1 Qxc3+ 30. Kf2 Qb3 31. Ra1 Rac8 32. Qg3 Rc3 33. Re3 Qb2+ 34. Kf3 Rxe3+ 35. Kxe3 Rc3# 0-1